Control systems for technicians / (Record no. 183892)
[ view plain ]
| 000 -LEADER | |
|---|---|
| fixed length control field | 00958 a2200205 4500 |
| 003 - CONTROL NUMBER IDENTIFIER | |
| control field | Nust |
| 005 - DATE AND TIME OF LATEST TRANSACTION | |
| control field | 20230102115112.0 |
| 010 ## - LIBRARY OF CONGRESS CONTROL NUMBER | |
| LC control number | 67105065 |
| 020 ## - INTERNATIONAL STANDARD BOOK NUMBER | |
| International Standard Book Number | 0340192771 |
| 035 ## - SYSTEM CONTROL NUMBER | |
| System control number | (OCoLC)6900359 |
| 040 ## - CATALOGING SOURCE | |
| Transcribing agency | Nust |
| 082 ## - DEWEY DECIMAL CLASSIFICATION NUMBER | |
| Classification number | 629.8043,BRY |
| 100 1# - MAIN ENTRY--PERSONAL NAME | |
| Personal name | Bryan, George Thomas. |
| 9 (RLIN) | 106598 |
| 245 10 - TITLE STATEMENT | |
| Title | Control systems for technicians / |
| Statement of responsibility, etc. | G. T. Bryan. |
| 260 ## - PUBLICATION, DISTRIBUTION, ETC. | |
| Place of publication, distribution, etc. | London, |
| Name of publisher, distributor, etc. | University of London P., |
| Date of publication, distribution, etc. | [1967]. |
| 300 ## - PHYSICAL DESCRIPTION | |
| Extent | 328 p. |
| Other physical details | tables, diagrs. |
| Dimensions | 23 cm. |
| 505 ## - FORMATTED CONTENTS NOTE | |
| Formatted contents note | The Meaning of Control (Page-13), Control System Components -1 (Page-20), Control System Components -2 (Page-46), Control System Components -3 (Page-68), Remote Transmission (Page-92), Position Control Systems (Page-115), Speed Control Systems (Page-139), Process Control -1 (Page-164), Process Control -2 (Page-188), Process Control -3 (Page-210), Digital Techniques and Computers (Page-228), Machine tool Control (Page-263). |
| 650 #0 - SUBJECT ADDED ENTRY--TOPICAL TERM | |
| Topical term or geographic name entry element | Automatic control. |
| 942 ## - ADDED ENTRY ELEMENTS (KOHA) | |
| Source of classification or shelving scheme | |
| Koha item type | Book |
| Withdrawn status | Lost status | Source of classification or shelving scheme | Damaged status | Not for loan | Permanent Location | Current Location | Shelving location | Date acquired | Full call number | Barcode | Date last seen | Price effective from | Koha item type | Public note |
|---|---|---|---|---|---|---|---|---|---|---|---|---|---|---|
| Military College of Signals (MCS) | Military College of Signals (MCS) | General Stacks | 12/12/2016 | 629.8043,BRY | MCS5849 | 12/08/2016 | 12/12/2016 | Book | Almirah No.41, Shelf No. 5 |
